| Tag |
First Indicator |
Second Indicator |
Subfields |
| LEADER |
00000cam a22000008i 4500 |
| 001 |
in00000340521 |
| 005 |
20151011055455.0 |
| 008 |
770203s1977 nju b 00110 eng |
| 010 |
|
|
|a 76045897
|
| 020 |
|
|
|a 0691063257
|
| 035 |
|
|
|a (OCoLC)02985493
|
| 035 |
|
|
|9 ABM3222AM
|
| 040 |
|
|
|a DLC
|c DLC
|d TXA
|d UtOrBLW
|
| 049 |
|
|
|a TXAM
|c [1395056]
|
| 050 |
0 |
0 |
|a PR5908.C8
|b F7
|
| 082 |
0 |
|
|a 822/.8
|
| 100 |
1 |
|
|a Friedman, Barton R.
|
| 245 |
1 |
0 |
|a Adventures in the deeps of the mind :
|b the Cuchulain cycle of W. B. Yeats /
|c Barton R. Friedman.
|
| 264 |
|
1 |
|a Princeton, N.J. :
|b Princeton University Press,
|c [1977]
|
| 264 |
|
4 |
|c ©1977
|
| 300 |
|
|
|a xiii, 151 pages ;
|c 23 cm.
|
| 336 |
|
|
|a text
|b txt
|2 rdacontent
|
| 337 |
|
|
|a unmediated
|b n
|2 rdamedia
|
| 338 |
|
|
|a volume
|b nc
|2 rdacarrier
|
| 490 |
1 |
|
|a Princeton essays in literature
|
| 504 |
|
|
|a Includes bibliographical references and index.
|
| 600 |
1 |
0 |
|a Yeats, W. B.
|q (William Butler),
|d 1865-1939
|x Characters
|x Cuchulain.
|
| 650 |
|
0 |
|a Cuchulain (Legendary character)
|
| 830 |
|
0 |
|a Princeton essays in literature.
|
| 999 |
|
|
|a MARS
|
| 999 |
f |
f |
|s 1ba6b4a2-fee9-3516-8ac0-cba22ed933ec
|i 2190d2f2-833c-3c2b-9d2f-40cdd626a1d6
|t 0
|
| 952 |
f |
f |
|p normal
|a Texas A&M University
|b College Station
|c Sterling C. Evans Library
|d Evans: Library Stacks
|t 0
|e PR5908.C8 F7
|h Library of Congress classification
|i unmediated -- volume
|m A14803987046
|
| 998 |
f |
f |
|a PR5908.C8 F7
|t 0
|l Evans: Library Stacks
|